00449nam a2200181Ia 450000500170000000800410001702000220005804100080008008200190008810000110010724500220011825000110014026000320015130000090018350000280019265000280022070000190024820251120141841.0230125s9999 xx 000 0 und d a978-0-7494-6381-6 aeng a158.1bKIT/KAY aKite N aUnderstanding NLP a2nd ed c2012bKogan PageaNew Delhi a223p aPersonality Development aPersonality Development aKite N & Kay F